000 01099nas a2200265 i 4500
001 2154
003 ES-MaACL
005 20250824012557.0
007 t|
008 950801c1951 it m| | 1 ||ta d
022 _a0035-5186
080 _a(45)
080 _a792
245 0 0 _aRidotto
_b: rassegna di teatro per i gruppi d'arte drammatica a cura della Societá Italiana Autori Drammatici /
_c[dir. Vicenzo Filippone].
260 _aRoma, etc :
_b[s.n.],
_c1951- (
_eVenezia :
_fTip. Armena)
300 _a37 v. ;
_c24 cm.
310 _aMensual
362 0 _aAño I (1951)-
650 7 _aTeatro
_2embne
_917290
700 1 _aFilippone, Vincenzo,
_edir.
_9194407
710 2 _aSocietá Italiana Autori Drammatici.
_96819
852 _aES-MaACL
_jHEM-H-231
_xhem-1398
_d
866 0 _o(1958)1959-64(1965f.n.1-3)(1966f.n.7-8)(1967f.n.11-12)(1968f.n.1-2)1969-74(1975f.n.10-12)(1976f.n.7-8)(1977f.n.2y4-5 y 7-8y 12)(1978f.n.3-8)(1979f.n.12)1980(1981f.n.1-2)1982-89(1990f.n.5-6)(1991f.n.6-7)(1992f.n.1 y11-12),(1994f.n.1-9)(1995f.n.6-7)1996(f.n.11)1997-1999.
999 _c2154
_d2154